| 000 | 00651nam a2200193 4500 | ||
|---|---|---|---|
| 001 | 148210 | ||
| 003 | ES-MaACL | ||
| 005 | 20230906202508.0 | ||
| 007 | t| | ||
| 008 | 070214s1967 sp r ||||1| spa d | ||
| 100 | 1 |
_aStokvis, Berthold. _9108283 |
|
| 245 | 1 | 0 |
_aTratado de hipnosis _b: introducción a la Sofrología / _cBerthold Stokvis, S. Montserrat Esteve ; [traducida por Ch. Ossmann]. |
| 250 | _a[1ª ed.]. | ||
| 260 |
_a[Barcelona] : _bScientia, _c1967 ( _fEstrada) |
||
| 300 |
_aXXIV, 288 p., 8 lám. ; _c26 cm. |
||
| 700 | 1 |
_aMontserrat Esteve, Santiago. _982744 |
|
| 700 | 1 |
_aOssmann, Ch. _987792 |
|
| 852 |
_aES-MaACL _jC-33718 _bR.64514 |
||
| 999 |
_c148210 _d148210 |
||